Green Day Lyrics - ¡Viva la Gloria! - Statistics

General Stats
  • This quiz has been taken 40 times
  • The average score is 159 of 263
Answer Stats
¡Viva la Gloria! % Correct
Gloria
96%
Gloria,
96%
I
96%
you
96%
You
96%
you,
96%
a
92%
are
88%
Hey,
88%
la
88%
the
88%
The
88%
Viva
88%
on
85%
your
85%
Your
85%
edge
81%
to
81%
of
77%
standing
77%
Where
77%
close
73%
in
73%
is
73%
love
73%
undying
69%
we
69%
why
69%
and
65%
as
65%
As
65%
graffiti
65%
name
65%
out
65%
this
65%
we're
65%
were
65%
can
62%
fire,
62%
go
62%
gonna
62%
it
62%
it's
62%
start
62%
walls
62%
war
62%
what
62%
for
58%
hear
58%
life,
58%
life
58%
light
58%
prayers
58%
Say
58%
sun,
58%
Eternal
54%
landscape
54%
Look
54%
look
54%
our
54%
setting
54%
testify
54%
vision
54%
waited
54%
will
54%
youth
54%
at
50%
been
50%
drawn
50%
gun
50%
hire,
50%
my
50%
through
50%
years
50%
all
46%
broken
46%
crowd
46%
fight
46%
glass
46%
lie
46%
like
46%
lives'
46%
prove,
46%
She
46%
skin
46%
slogan's
46%
spirit
46%
that
46%
blast
42%
brink
42%
cracks
42%
ruins
42%
So
42%
So,
42%
When
42%
found
38%
her
38%
home
38%
into
38%
jilted
38%
knuckles
38%
night
38%
one
38%
slashing
38%
smashed
38%
ammunition
35%
black
35%
days
35%
don't
35%
Don't
35%
fallen
35%
Fallin'
35%
me
35%
scars
35%
that's
35%
winter
35%
Ashes
31%
ashes
31%
autumn's
31%
away
31%
fades
31%
last
31%
lose
31%
saint
31%
Send
31%
send
31%
sinners
31%
Tell
31%
wind
31%
amongst
27%
Bring
27%
burnin'
27%
down
27%
lost
27%
made
27%
shadows
27%
story
27%
back
23%
faith
23%
message
23%
put
23%
salad
23%
storm,
23%
us
23%
Weather
23%
where's
23%
bed
19%
burning
19%
hearted
19%
let
19%
naivete
19%
November
19%
always
15%
bonfires
15%
remember
15%
season
15%
amnesty
12%
banners
12%
No matching quizzes found
Score Distribution
Percent of People with Each Score
Percentile by Number Answered
Your Score History
You have not taken this quiz